| 000 | 02650nam0a2200409 4500 | ||
|---|---|---|---|
| 001 | RU\NLR\BIBL_A\016206120 | ||
| 005 | 20250624233041.0 | ||
| 010 |
_a978-5-206-00039-9 _92000 |
||
| 021 |
_aRU _b2022-776и _9АЛ-П-152 |
||
| 035 | _a(RuMoRGB)011196034 | ||
| 035 | _a(NLR Aleph) 016206120 | ||
| 090 |
_a12692359 _c12692359 |
||
| 100 | _a20221111d2022 |||y0rusy50 ca | ||
| 101 | 0 | _arus | |
| 102 | _aRU | ||
| 105 | _aa t 000ay | ||
| 181 | 0 |
_ab3 _bbb2e |
|
| 181 | 0 |
_ai2 _baxxe |
|
| 182 | 0 | _an | |
| 200 | 1 |
_aП П Бажов _eграфический роман _f[авторы текстов Г. Григорьев и др.] _gглавный художник Павел Матяж |
|
| 203 |
_aИзображение _aТекст _bвизуальные _cнепосредственные |
||
| 210 |
_aМосква _cАльпина ПРО _cАльпина Диджитал _d2022 |
||
| 215 |
_a223 с. _cил., цв. ил. _d30 |
||
| 330 | _aПавел Петрович Бажов вошел в историю русской литературы как автор сказов, созданных по мотивам старинных устных преданий уральских горнорабочих и основанных на краеведческом материале. Самый известный сборник автора - "Малахитовая шкатулка", в котором представлены истории Хозяйки Медной горы, Данилы-мастера и других. Сегодня из-за архаичного русского языка с редкими регионализмами сказы тяжело воспринимать молодёжи, поэтому авторы этой книги решили облечь произведения писателя в новую форму - графический роман. Над комиксом трудился 21 художник со всей России | ||
| 333 | _a16+ | ||
| 600 | 1 |
_aБажов _bП. П. _f1879 - 1950 _gПавел Петрович _xв художественной литературе _92537832 _3RU\NLR\AUTH\6601716304 |
|
| 675 |
_a821.161.1-3 _v4 |
||
| 686 | 1 | _aШ5(2=Р)7-4Бажов | |
| 686 | 2 | _aШ6(2=Р)8-499 | |
| 686 | 0 | _aЩ153(2Р=Рус)8-475 | |
| 702 | 1 |
_aМатяж _bП. _gПавел _4440 |
|
| 702 | 1 |
_4220 _7ca _8rus _aГригорьев _bГ. А. _cканд. филол. наук _f1986- _gГеоргий Алексеевич _9250392 _3RU\NLR\AUTH\770250448 |
|
| 942 | _cBOOK | ||
| 980 | _aNB | ||